[Event "WY U-16 Chess Olympiad 2019"]
[Site "Corum"]
[Date "2019.10.29"]
[Round "1"]
[White "Zhang, Xiao"]
[Black "Dahampriya, H K T Dewnethmie"]
[Result "1-0"]
[WhiteElo "2053"]
[BlackElo "1629"]
[Annotator "NA"]
[PlyCount "67"]
[EventDate "2019.10.28"]
[EventType "team-tourn"]
[EventCountry "TUR"]
[SourceTitle "playchess.com"]
[Source "ChessBase"]
[SourceQuality "1"]

1. d4 Nf6 2. c4 g6 3. Nc3 d6 4. e4 Bg7 5. Be2 O-O 6. Bg5 Nfd7 7. Qd2 f6 8. Bh6 e5 9. d5 a5 10. h4 Na6 11. g4 Qe7 12. O-O-O Ndc5 13. Kb1 Rd8 14. Nh3 c6 15. Bxg7 Kxg7 16. f4 Nc7 17. h5 cxd5 18. exd5 Bd7 19. fxe5 fxe5 20. Ng5 h6 21. Nge4 Nxe4 22. Nxe4 g5 23. c5 Ne8 24. Qd3 Kg8 25. Rhf1 dxc5 26. d6 Qg7 27. Qb3+ Kh8 28. Rf7 a4 29. Qf3 Bxg4 30. Qf2 Be6 31. Rxg7 Nxg7 32. Qf6 Kg8 33. Qxh6 Bf5 34. Bc4+ 1-0

[Event "WY U-16 Chess Olympiad 2019"]
[Site "Corum"]
[Date "2019.10.29"]
[Round "1"]
[White "Vujovic, Savo"]
[Black "Kizilkus, Akin"]
[Result "0-1"]
[WhiteElo "2040"]
[BlackElo "2381"]
[Annotator "ChessBase"]
[PlyCount "68"]
[EventDate "2019.10.28"]
[EventType "team-tourn"]
[EventCountry "TUR"]
[SourceTitle "playchess.com"]
[Source "ChessBase"]
[SourceQuality "1"]

1. e4 g6 2. d4 Bg7 3. Nc3 d6 4. Be3 Nf6 5. f3 a6 6. Qd2 b5 7. Bh6 O-O 8. h4 c5 9. Nce2 Nc6 10. h5 Bxh6 11. Qxh6 cxd4 12. hxg6 fxg6 13. g4 Rf7 14. O-O-O e5 15. Nh3 Qa5 16. Ng5 Rg7 17. Kb1 Bd7 18. c3 dxc3 19. Nxc3 Nd4 20. Ne2 Nxe2 21. Bxe2 Qb6 22. Rd2 a5 23. Rhd1 Ne8 24. a4 Rc8 25. Rh1 Qe3 26. Nf7 Qb3 27. Ng5 bxa4 28. Bd1 Qe3 29. Nf7 Qc5 30. Rc2 Qb4 31. Ng5 Rxc2 32. Bxc2 a3 33. b3 Qc3 34. Kc1 a2 0-1

[Event "WY U-16 Chess Olympiad 2019"]
[Site "Corum"]
[Date "2019.10.29"]
[Round "1"]
[White "Kuhar, Larisa"]
[Black "Katopodis, Dimitrios"]
[Result "1/2-1/2"]
[WhiteElo "2030"]
[BlackElo "2353"]
[Annotator "ChessBase"]
[PlyCount "191"]
[EventDate "2019.10.28"]
[EventType "team-tourn"]
[EventCountry "TUR"]
[SourceTitle "playchess.com"]
[Source "ChessBase"]
[SourceQuality "1"]

1. e4 c6 2. d4 g6 3. Nc3 Bg7 4. Be2 d5 5. Be3 dxe4 6. Nxe4 Nh6 7. Ng3 Qb6 8. Qc1 Ng4 9. Bxg4 Bxg4 10. h3 Be6 11. N1e2 Nd7 12. O-O Bc4 13. Rd1 O-O 14. Nf4 Qc7 15. b3 Ba6 16. c4 Rfe8 17. Rb1 b6 18. d5 Bb7 19. Qd2 Nf6 20. d6 exd6 21. Qxd6 Qxd6 22. Rxd6 c5 23. Rbd1 h5 24. Bc1 h4 25. Bb2 Nh7 26. Bxg7 Kxg7 27. Nf1 Nf6 28. Ne3 Re4 29. Ne2 Re7 30. Nc3 Ne4 31. Nxe4 Bxe4 32. Rd7 Rae8 33. Kf1 Bc6 34. R7d6 Re6 35. a3 Kf8 36. b4 cxb4 37. axb4 Ke7 38. R6d4 Re4 39. b5 Rxd4 40. Rxd4 Bb7 41. Rxh4 Rd8 42. Ke2 a6 43. bxa6 Bxa6 44. Kf3 Bb7+ 45. Kg3 Ke6 46. Rh7 Be4 47. h4 Rc8 48. h5 Rg8 49. Rh6 Ke5 50. Kh2 Rc8 51. hxg6 Bxg6 52. Rh4 Bd3 53. f3 f5 54. g3 Rc6 55. Kg2 Rc8 56. Kf2 Ra8 57. Nd5 b5 58. Ke3 Bxc4 59. Nc3 Rd8 60. f4+ Kf6 61. Kf2 Rd3 62. Nb1 Ba2 63. Rh6+ Kg7 64. Rh1 b4 65. Rc1 Kg6 66. g4 fxg4 67. Ke2 Bxb1 68. Rxb1 Rd4 69. Ke3 Rc4 70. Ra1 Rc6 71. Ra5 Kf6 72. Rb5 Rc3+ 73. Kd2 Rc4 74. Ke3 g3 75. Kf3 Rc3+ 76. Kg2 b3 77. Kg1 Ke6 78. f5+ Kf6 79. Kg2 Kg5 80. Kg1 Rd3 81. Kg2 Re3 82. Kg1 Rc3 83. Kg2 Kg4 84. f6 Rc2+ 85. Kg1 Rc1+ 86. Kg2 Rc2+ 87. Kg1 Kh3 88. Rh5+ Kg4 89. Rb5 Rf2 90. Rxb3 Rxf6 91. Rb1 Rd6 92. Ra1 Kh3 93. Rb1 Rd2 94. Ra1 Rg2+ 95. Kh1 Rh2+ 96. Kg1 1/2-1/2

[Event "WY U-16 Chess Olympiad 2019"]
[Site "Corum"]
[Date "2019.10.29"]
[Round "1"]
[White "Vorobiov, Vlad"]
[Black "Mohamed Ali S"]
[Result "1-0"]
[WhiteElo "2029"]
[BlackElo "1073"]
[Annotator "NA"]
[PlyCount "69"]
[EventDate "2019.10.28"]
[EventType "team-tourn"]
[EventCountry "TUR"]
[SourceTitle "playchess.com"]
[Source "ChessBase"]
[SourceQuality "1"]

1. e4 e5 2. Nf3 Nc6 3. Bb5 d6 4. d4 Nf6 5. Nc3 Bg4 6. Be3 a6 7. Bxc6+ bxc6 8. O-O Be7 9. Qe2 O-O 10. Rad1 exd4 11. Bxd4 Nh5 12. Be3 Bf6 13. h3 Be6 14. e5 Be7 15. Nd4 Bd7 16. Qxh5 dxe5 17. Nxc6 Qe8 18. Nxe5 Bb5 19. Rfe1 Bf6 20. Bc5 Qe6 21. Ng4 Qc4 22. Nxf6+ gxf6 23. Bxf8 Rxf8 24. Nxb5 axb5 25. Qg4+ Qxg4 26. hxg4 Kg7 27. Rd7 c5 28. Ree7 Kg6 29. Rb7 b4 30. Rec7 Ra8 31. Rxf7 Rxa2 32. Rg7+ Kh6 33. f4 f5 34. Rxh7+ Kg6 35. g5 1-0

[Event "WY U-16 Chess Olympiad 2019"]
[Site "Corum"]
[Date "2019.10.29"]
[Round "1"]
[White "Taspinar, Yanki"]
[Black "Budisavljevic, Luka"]
[Result "1/2-1/2"]
[WhiteElo "2010"]
[BlackElo "2432"]
[Annotator "ChessBase"]
[PlyCount "80"]
[EventDate "2019.10.28"]
[EventType "team-tourn"]
[EventCountry "TUR"]
[SourceTitle "playchess.com"]
[Source "ChessBase"]
[SourceQuality "1"]

1. e4 c5 2. Nf3 a6 3. c4 e6 4. d4 cxd4 5. Nxd4 Nf6 6. Nc3 Bb4 7. Bd3 d6 8. O-O Bxc3 9. bxc3 Nbd7 10. Ba3 Qc7 11. Nb3 e5 12. Bc2 Nc5 13. f4 b6 14. fxe5 dxe5 15. Nxc5 bxc5 16. Ba4+ Ke7 17. Qd2 Be6 18. Qg5 h6 19. Qe3 Rhc8 20. Rab1 Ra7 21. Qd3 Kf8 22. Bc1 Rd8 23. Qe2 Ke7 24. Bc2 Qa5 25. Bb3 Rad7 26. Be3 Ng4 27. Bc1 Qxc3 28. h3 Qd4+ 29. Kh1 Nf6 30. Be3 Qd3 31. Bxc5+ Ke8 32. Qb2 Nxe4 33. Rf3 Qd2 34. Qxe5 Nxc5 35. Qxc5 Qd6 36. Qe3 Re7 37. c5 Qc7 38. Qc3 Kf8 39. Rg3 f6 40. Re3 Bxb3 1/2-1/2

[Event "WY U-16 Chess Olympiad 2019"]
[Site "Corum"]
[Date "2019.10.29"]
[Round "1"]
[White "Laurincova, Kristyna"]
[Black "Watkins, Rachel Jane"]
[Result "1-0"]
[WhiteElo "2006"]
[BlackElo "1212"]
[Annotator "NA"]
[PlyCount "35"]
[EventDate "2019.10.28"]
[EventType "team-tourn"]
[EventCountry "TUR"]
[SourceTitle "playchess.com"]
[Source "ChessBase"]
[SourceQuality "1"]

1. e4 e5 2. Nf3 Nc6 3. Bb5 Nf6 4. O-O d6 5. Re1 Bg4 6. d4 exd4 7. e5 dxe5 8. Nxe5 Be6 9. Qf3 Rc8 10. Bxc6+ bxc6 11. Qxc6+ Nd7 12. Nxf7 Qe7 13. Rxe6 Kxf7 14. Rxe7+ Kxe7 15. Bg5+ Nf6 16. Nd2 h6 17. Re1+ Kf7 18. Qe6+ 1-0

[Event "WY U-16 Chess Olympiad 2019"]
[Site "Corum"]
[Date "2019.10.29"]
[Round "1"]
[White "Juhasz, Judit"]
[Black "Prasitsoonthorn, Teerachoti"]
[Result "1-0"]
[WhiteElo "2004"]
[BlackElo "1866"]
[Annotator "NA"]
[PlyCount "53"]
[EventDate "2019.10.28"]
[EventType "team-tourn"]
[EventCountry "TUR"]
[SourceTitle "playchess.com"]
[Source "ChessBase"]
[SourceQuality "1"]

1. e4 e5 2. Nf3 d6 3. Nc3 Nf6 4. h3 Be7 5. d4 Nbd7 6. Be3 O-O 7. Qd2 c6 8. O-O-O b5 9. Bd3 a6 10. Ne2 c5 11. dxc5 dxc5 12. c3 Qa5 13. Kb1 Bb7 14. Ng3 c4 15. Bc2 Rfd8 16. Qe2 b4 17. Qxc4 Rdc8 18. cxb4 Bxb4 19. Qe2 Rc7 20. Rc1 Rb8 21. Nd2 Nc5 22. f3 Bd5 23. exd5 Nxd5 24. Nge4 Nxe3 25. Qxe3 Bxd2 26. Qxd2 Qb5 27. b3 1-0

[Event "WY U-16 Chess Olympiad 2019"]
[Site "Corum"]
[Date "2019.10.29"]
[Round "1"]
[White "Celik, Hasan Huseyin"]
[Black "Tadic, Stefan"]
[Result "1/2-1/2"]
[WhiteElo "1998"]
[BlackElo "2295"]
[Annotator "ChessBase"]
[PlyCount "114"]
[EventDate "2019.10.28"]
[EventType "team-tourn"]
[EventCountry "TUR"]
[SourceTitle "playchess.com"]
[Source "ChessBase"]
[SourceQuality "1"]

1. d4 d5 2. c4 e5 3. dxe5 d4 4. Nf3 Nc6 5. g3 Nge7 6. Bg2 Ng6 7. O-O Ngxe5 8. Nxe5 Nxe5 9. b3 c5 10. e3 Bg4 11. f3 Be6 12. exd4 Qxd4+ 13. Qxd4 cxd4 14. f4 Nc6 15. Bb2 O-O-O 16. Nd2 Bf5 17. a3 d3 18. Bd5 Bc5+ 19. Kg2 Bd4 20. Ra2 Rhe8 21. Bf3 Bxb2 22. Rxb2 Nd4 23. c5 Nxf3 24. Kxf3 Re2 25. Rf2 Rde8 26. Nc4 Kc7 27. b4 h5 28. Kg2 Be4+ 29. Kf1 Bd5 30. Ne5 f6 31. Nxd3 R2e3 32. Rfe2 Bc4 33. Kf2 Rxe2+ 34. Rxe2 Rd8 35. Re7+ Kc6 36. Nc1 Rd2+ 37. Ne2 Ra2 38. Ke1 Ra1+ 39. Kd2 Ra2+ 40. Kd1 Bxe2+ 41. Rxe2 Rxa3 42. Kc1 Rb3 43. Re4 Kd5 44. Kc2 Rxg3 45. Re7 Rg2+ 46. Kd3 Kc6 47. Rf7 h4 48. b5+ Kxb5 49. Rxb7+ Kxc5 50. Rxa7 Kd5 51. Ke3 h3 52. Kf3 g5 53. fxg5 fxg5 54. Rh7 g4+ 55. Kf4 Ke6 56. Rh4 Rxh2 57. Kxg4 Ke5 1/2-1/2

[Event "WY U-16 Chess Olympiad 2019"]
[Site "Corum"]
[Date "2019.10.29"]
[Round "1"]
[White "Herega, Nejc"]
[Black "Tsivelekidou, Evgenia"]
[Result "1-0"]
[WhiteElo "1976"]
[BlackElo "1985"]
[Annotator "NA"]
[PlyCount "87"]
[EventDate "2019.10.28"]
[EventType "team-tourn"]
[EventCountry "TUR"]
[SourceTitle "playchess.com"]
[Source "ChessBase"]
[SourceQuality "1"]

1. d4 Nf6 2. c4 e6 3. Nc3 Bb4 4. e3 O-O 5. Bd3 d6 6. Nge2 c5 7. O-O Nc6 8. a3 Ba5 9. Qc2 Qe7 10. b3 Bc7 11. Bb2 Rd8 12. Rad1 h6 13. Kh1 cxd4 14. exd4 d5 15. h3 Qd6 16. f4 Qe7 17. Bc1 dxc4 18. bxc4 Kh8 19. Be4 Nxe4 20. Nxe4 b6 21. Bb2 Bb7 22. N2g3 f5 23. Nf2 Qh4 24. Ne2 Bxf4 25. Nxf4 Qxf4 26. d5 exd5 27. Ng4 Qe4 28. Qd2 Kh7 29. Bxg7 Qe6 30. cxd5 Qg6 31. Qxh6+ Qxh6 32. Nxh6 Kxg7 33. Nxf5+ Kh7 34. dxc6 Bxc6 35. Rc1 Be4 36. Rc7+ Kh8 37. Nh6 Rd2 38. Rg1 a5 39. Re7 Bd5 40. Ng4 Rd3 41. Kh2 Rb8 42. Nf6 Bg8 43. Rf1 Rbd8 44. Rf5 1-0

[Event "WY U-16 Chess Olympiad 2019"]
[Site "Corum"]
[Date "2019.10.29"]
[Round "1"]
[White "Sade, Defne"]
[Black "Popovic, Mateja"]
[Result "1/2-1/2"]
[WhiteElo "1952"]
[BlackElo "1535"]
[Annotator "NA"]
[PlyCount "68"]
[EventDate "2019.10.28"]
[EventType "team-tourn"]
[EventCountry "TUR"]
[SourceTitle "playchess.com"]
[Source "ChessBase"]
[SourceQuality "1"]

1. e4 e5 2. Nf3 Nf6 3. Nxe5 d6 4. Nf3 Nxe4 5. Nc3 Nxc3 6. dxc3 Nc6 7. Bf4 Bg4 8. Be2 Be7 9. Qd2 Qd7 10. O-O-O O-O-O 11. Rhe1 a6 12. h3 Be6 13. Ng5 Bxg5 14. Bxg5 f6 15. Bf4 Rhe8 16. Bf3 Ne5 17. Bd5 Bxd5 18. Qxd5 Qc6 19. Qxc6 Nxc6 20. h4 Kd7 21. c4 Rxe1 22. Rxe1 Re8 23. Rxe8 Kxe8 24. Kd2 Kd7 25. c3 Ne5 26. b3 Ke6 27. f3 h5 28. Ke3 c5 29. Bg3 Kf5 30. a3 b6 31. Bh2 a5 32. a4 g6 33. Bg3 Nf7 34. Bh2 Ne5 1/2-1/2

[Event "WY U-16 Chess Olympiad 2019"]
[Site "Corum"]
[Date "2019.10.29"]
[Round "1"]
[White "Lee, Care Greene"]
[Black "Hakobyan, Astghik"]
[Result "1-0"]
[WhiteElo "1950"]
[BlackElo "1978"]
[Annotator "NA"]
[PlyCount "115"]
[EventDate "2019.10.28"]
[EventType "team-tourn"]
[EventCountry "TUR"]
[SourceTitle "playchess.com"]
[Source "ChessBase"]
[SourceQuality "1"]

1. e4 e6 2. d4 d5 3. Nc3 Bb4 4. e5 c5 5. a3 Bxc3+ 6. bxc3 Ne7 7. Qg4 Qc7 8. Bd3 cxd4 9. Ne2 dxc3 10. Qxg7 Rg8 11. Qxh7 Nbc6 12. Bf4 Bd7 13. Bg3 O-O-O 14. O-O Be8 15. Nxc3 Nxe5 16. Ne2 f6 17. Nd4 Qd7 18. Bb5 Qd6 19. Qh4 Rf8 20. Qh3 Bf7 21. Qh4 Bg8 22. Rfe1 Qc5 23. Bxe5 fxe5 24. Nb3 Qd6 25. Qg3 Rf5 26. Nd2 Rdf8 27. Nf3 Qc5 28. Qh4 e4 29. Nd4 Rf4 30. Nb3 Qxf2+ 31. Qxf2 Rxf2 32. Rf1 e3 33. Rae1 Nf5 34. g3 d4 35. Bd3 e5 36. Rxf2 exf2+ 37. Kxf2 Nh4+ 38. Ke2 Ng2 39. Rf1 Rxf1 40. Kxf1 Ne3+ 41. Ke2 Bd5 42. Nd2 Kc7 43. Ne4 Ng4 44. h3 Bxe4 45. Bxe4 Nf6 46. Kf3 b6 47. g4 Kd6 48. h4 Ke7 49. h5 Kf8 50. h6 Kg8 51. g5 Ne8 52. g6 Nf6 53. Bf5 a5 54. a4 Kf8 55. Be6 e4+ 56. Ke2 Nh5 57. g7+ Nxg7 58. h7 1-0

[Event "WY U-16 Chess Olympiad 2019"]
[Site "Corum"]
[Date "2019.10.29"]
[Round "1"]
[White "Deng Jing Xin Crystal"]
[Black "Ozenir, Ekin Baris"]
[Result "0-1"]
[WhiteElo "1944"]
[BlackElo "2274"]
[Annotator "ChessBase"]
[PlyCount "42"]
[EventDate "2019.10.28"]
[EventType "team-tourn"]
[EventCountry "TUR"]
[SourceTitle "playchess.com"]
[Source "ChessBase"]
[SourceQuality "1"]

1. d4 Nf6 2. c4 e6 3. Nf3 b6 4. g3 Bb7 5. Bg2 g6 6. Nc3 Bg7 7. O-O O-O 8. Qc2 d5 9. Ne5 Na6 10. Rd1 Qe7 11. Be3 c5 12. Qa4 Rac8 13. Rac1 Rfd8 14. Qb5 Ne4 15. cxd5 Nxc3 16. bxc3 Nc7 17. Qb2 Nxd5 18. Nd3 Nxe3 19. fxe3 Bh6 20. Nf4 Bxg2 21. Nxg2 e5 0-1

[Event "WY U-16 Chess Olympiad 2019"]
[Site "Corum"]
[Date "2019.10.29"]
[Round "1"]
[White "Moncada Correa, Sara"]
[Black "Pirmetova, Dariga"]
[Result "1-0"]
[WhiteElo "1939"]
[BlackElo "1379"]
[Annotator "NA"]
[PlyCount "38"]
[EventDate "2019.10.28"]
[EventType "team-tourn"]
[EventCountry "TUR"]
[SourceTitle "playchess.com"]
[Source "ChessBase"]
[SourceQuality "1"]

1. d4 d6 2. c4 e5 3. d5 Be7 4. Nc3 f5 5. e4 Nf6 6. Bd3 fxe4 7. Nxe4 O-O 8. Qc2 Nbd7 9. Ng5 Nc5 10. Bxh7+ Kh8 11. Bg6 Ng4 12. Nf7+ Rxf7 13. Bxf7 e4 14. Nh3 Nd3+ 15. Kf1 Nge5 16. Be6 Bxe6 17. dxe6 Qf8 18. Be3 Qf5 19. b3 Ng4 1-0

[Event "WY U-16 Chess Olympiad 2019"]
[Site "Corum"]
[Date "2019.10.29"]
[Round "1"]
[White "Pipiras, Filipa Fortuna"]
[Black "Tastekin, Ebrar Gozde"]
[Result "1-0"]
[WhiteElo "1939"]
[BlackElo "1313"]
[Annotator "NA"]
[PlyCount "47"]
[EventDate "2019.10.28"]
[EventType "team-tourn"]
[EventCountry "TUR"]
[SourceTitle "playchess.com"]
[Source "ChessBase"]
[SourceQuality "1"]

1. d4 d5 2. c4 e6 3. Nc3 Nf6 4. cxd5 exd5 5. Bg5 c6 6. e3 Bd6 7. Bd3 O-O 8. Nge2 Re8 9. Qc2 h6 10. Bh4 Qe7 11. h3 Nbd7 12. O-O b6 13. Rae1 Bb7 14. Ng3 Qd8 15. Nf5 Bc7 16. e4 dxe4 17. Nxe4 Rb8 18. Nxf6+ Nxf6 19. Rxe8+ Qxe8 20. Bxf6 gxf6 21. Nxh6+ Kh8 22. Qd1 Bc8 23. Re1 Be6 24. Qh5 1-0

[Event "WY U-16 Chess Olympiad 2019"]
[Site "Corum"]
[Date "2019.10.29"]
[Round "1"]
[White "Veljanoski, Andrej"]
[Black "Madaminov, Mukhiddin"]
[Result "1/2-1/2"]
[WhiteElo "1936"]
[BlackElo "2045"]
[Annotator "NA"]
[PlyCount "224"]
[EventDate "2019.10.28"]
[EventType "team-tourn"]
[EventCountry "TUR"]
[SourceTitle "playchess.com"]
[Source "ChessBase"]
[SourceQuality "1"]

1. e4 e6 2. d4 d5 3. Nd2 c5 4. Ngf3 cxd4 5. exd5 Qxd5 6. Bc4 Qd7 7. Nb3 Nc6 8. Nfxd4 Nxd4 9. Nxd4 a6 10. O-O Nf6 11. Re1 b5 12. Be2 Bb7 13. c4 bxc4 14. Bxc4 Bb4 15. Rf1 O-O 16. Nf3 Qc7 17. Be2 e5 18. Be3 Ng4 19. Rc1 Qb8 20. Bb6 Bd6 21. h3 Nf6 22. Be3 Nd5 23. Qb3 e4 24. Nd4 Bf4 25. Bc4 Qe5 26. Bxf4 Nxf4 27. Qxb7 Qxd4 28. Bxf7+ Kh8 29. Rce1 Ra7 30. Qxe4 Qxe4 31. Rxe4 Raxf7 32. Rd1 g5 33. b4 Rb8 34. Rd6 a5 35. bxa5 Rb1+ 36. Kh2 Rb2 37. Kg3 Nh5+ 38. Kh2 Rfxf2 39. Rg4 Nf4 40. Rd8+ Kg7 41. Rxg5+ Kf6 42. Rdg8 Rxa2 43. Rg4 h6 44. Rf8+ Ke5 45. Rh8 Rxg2+ 46. Rxg2 Rxg2+ 47. Kh1 Rg6 48. Rb8 h5 49. Rb5+ Ke4 50. Rb6 Rg5 51. Rb4+ Kf3 52. Rb3+ Kf2 53. Ra3 Ne2 54. Ra2 Kf1 55. Ra1+ Kf2 56. Ra2 Rg7 57. a6 Ra7 58. h4 Kf1 59. Ra1+ Kf2 60. Ra2 Kf3 61. Kh2 Nf4 62. Ra3+ Kg4 63. Ra4 Kf3 64. Ra3+ Kf2 65. Ra2+ Ne2 66. Kh3 Kf3 67. Ra3+ Kf4 68. Ra4+ Ke3 69. Ra3+ Ke4 70. Kg2 Nf4+ 71. Kf2 Nd3+ 72. Ke2 Nc5 73. Ra5 Nxa6 74. Rxh5 Nb4 75. Rh8 Ra2+ 76. Kd1 Nd5 77. Re8+ Kd3 78. Ke1 Nc3 79. h5 Ne4 80. Kf1 Ke3 81. h6 Rh2 82. h7 Rxh7 83. Kg1 Rg7+ 84. Kf1 Rg6 85. Re7 Rg8 86. Re5 Kd4 87. Re7 Kd3 88. Rd7+ Ke3 89. Re7 Rg5 90. Re8 Rg7 91. Re5 Rf7+ 92. Ke1 Ra7 93. Kd1 Ra2 94. Re8 Rh2 95. Re7 Rd2+ 96. Ke1 Rd6 97. Re8 Rd7 98. Re5 Rc7 99. Kd1 Kd4 100. Re8 Kd3 101. Rd8+ Ke3 102. Re8 Rc5 103. Re7 Rh5 104. Re8 Rh2 105. Re7 Rd2+ 106. Ke1 Rd6 107. Re8 Kd3 108. Rh8 Rf6 109. Rd8+ Ke3 110. Re8 Ra6 111. Kd1 Ra2 112. Re7 Kd4 1/2-1/2

[Event "WY U-16 Chess Olympiad 2019"]
[Site "Corum"]
[Date "2019.10.29"]
[Round "1"]
[White "Kara, Gulce Nehir"]
[Black "Stearman, Josiah"]
[Result "0-1"]
[WhiteElo "1925"]
[BlackElo "2310"]
[Annotator "ChessBase"]
[PlyCount "88"]
[EventDate "2019.10.28"]
[EventType "team-tourn"]
[EventCountry "TUR"]
[SourceTitle "playchess.com"]
[Source "ChessBase"]
[SourceQuality "1"]

1. e4 c5 2. Nf3 a6 3. d4 cxd4 4. Nxd4 Nf6 5. Nc3 e5 6. Nb3 Bb4 7. Bd3 d6 8. Bd2 Be6 9. O-O Nbd7 10. Qe2 O-O 11. Rad1 b5 12. Kh1 Nc5 13. Nxc5 dxc5 14. Nd5 Bxd2 15. Qxd2 Bxd5 16. exd5 c4 17. Be2 Qd6 18. a4 Rfd8 19. axb5 axb5 20. Rfe1 Qc5 21. Bf3 e4 22. Bxe4 Nxe4 23. Rxe4 Rxd5 24. Qe1 Rxd1 25. Qxd1 Qxf2 26. Qe1 Qxe1+ 27. Rxe1 Kf8 28. h3 Ra2 29. Rb1 Ke7 30. Kh2 Kd6 31. c3 Kd5 32. b3 Rc2 33. bxc4+ Kxc4 34. Rb4+ Kc5 35. Re4 Rxc3 36. Re7 b4 37. Rxf7 b3 38. Rc7+ Kb4 39. Rb7+ Ka3 40. Ra7+ Kb2 41. Rxg7 Kc2 42. Rb7 b2 43. Rxb2+ Kxb2 44. g4 Rd3 0-1

[Event "WY U-16 Chess Olympiad 2019"]
[Site "Corum"]
[Date "2019.10.29"]
[Round "1"]
[White "Nanayakkara, J A K Saranath"]
[Black "Xi, Qi"]
[Result "0-1"]
[WhiteElo "1924"]
[BlackElo "2241"]
[Annotator "ChessBase"]
[PlyCount "138"]
[EventDate "2019.10.28"]
[EventType "team-tourn"]
[EventCountry "TUR"]
[SourceTitle "playchess.com"]
[Source "ChessBase"]
[SourceQuality "1"]

1. d4 d5 2. c4 c6 3. Nc3 Nf6 4. Nf3 e6 5. cxd5 exd5 6. Bg5 Be7 7. Qc2 g6 8. e3 Bf5 9. Bd3 Bxd3 10. Qxd3 Nbd7 11. O-O O-O 12. a3 a5 13. Rab1 Re8 14. Qc2 Kg7 15. Rfc1 Nb6 16. Ne5 Nfd7 17. Bxe7 Qxe7 18. Nxd7 Qxd7 19. Na4 Nc4 20. Ra1 Qe7 21. Nc5 b6 22. Na4 b5 23. Nc5 a4 24. Nd3 Rac8 25. Qc3 Qd6 26. Rab1 Rc7 27. Rc2 Qf6 28. Rbc1 h5 29. Ne5 Nxe5 30. dxe5 Rxe5 31. Qd4 Re6 32. Qxf6+ Kxf6 33. Rc5 b4 34. Ra5 bxa3 35. bxa3 Ke5 36. Rxa4 c5 37. Kf1 Rb6 38. Ra8 c4 39. Re8+ Re6 40. Rd8 Rc5 41. Ke2 Ra6 42. Rc3 Rca5 43. f4+ Ke6 44. e4 dxe4 45. Rxc4 f5 46. Rcc8 Rxa3 47. Re8+ Kd5 48. Re5+ Kd4 49. Rcc5 Ra2+ 50. Kf1 Ke3 51. Rc3+ Kxf4 52. Rec5 Rb2 53. Rc2 Ra1+ 54. Kf2 Raa2 55. Rxb2 Rxb2+ 56. Kf1 h4 57. Rc6 g5 58. Rc1 h3 59. Kg1 Rxg2+ 60. Kh1 Rd2 61. Rf1+ Ke3 62. Re1+ Re2 63. Rf1 Kd2 64. Kg1 Re1 65. Rxe1 Kxe1 66. Kh1 e3 67. Kg1 e2 68. Kh1 Kd2 69. Kg1 e1=Q# 0-1

[Event "WY U-16 Chess Olympiad 2019"]
[Site "Corum"]
[Date "2019.10.29"]
[Round "1"]
[White "Anacoglu, Cisel"]
[Black "Daggupati, Balaji"]
[Result "0-1"]
[WhiteElo "1918"]
[BlackElo "2310"]
[Annotator "ChessBase"]
[PlyCount "78"]
[EventDate "2019.10.28"]
[EventType "team-tourn"]
[EventCountry "TUR"]
[SourceTitle "playchess.com"]
[Source "ChessBase"]
[SourceQuality "1"]

1. e4 e5 2. Nf3 Nc6 3. Bb5 a6 4. Ba4 Nf6 5. O-O Be7 6. Re1 b5 7. Bb3 d6 8. c3 O-O 9. h3 Bb7 10. d4 Nd7 11. Nbd2 exd4 12. cxd4 Bf6 13. Nf1 Na5 14. Bc2 Re8 15. Ng3 g6 16. a4 c5 17. d5 b4 18. Rb1 c4 19. b3 cxb3 20. Bxb3 Nc5 21. Be3 Naxb3 22. Rxb3 Nxb3 23. Qxb3 a5 24. Nd4 Rc8 25. Qd1 Bh4 26. Bf4 Qf6 27. Ngf5 gxf5 28. Nxf5 Kh8 29. Qh5 Bxd5 30. Bh6 Bxf2+ 31. Kxf2 Rc2+ 32. Kg1 Qg6 33. Qxg6 hxg6 34. Nxd6 Rd8 35. Bf4 Be6 36. e5 b3 37. Bg5 Rb8 38. Nb5 b2 39. Na3 Rc4 0-1

[Event "WY U-16 Chess Olympiad 2019"]
[Site "Corum"]
[Date "2019.10.29"]
[Round "1"]
[White "Ozbek, Busra"]
[Black "Wong Ching Chi"]
[Result "1-0"]
[WhiteElo "1903"]
[BlackElo "1879"]
[Annotator "NA"]
[PlyCount "91"]
[EventDate "2019.10.28"]
[EventType "team-tourn"]
[EventCountry "TUR"]
[SourceTitle "playchess.com"]
[Source "ChessBase"]
[SourceQuality "1"]

1. d4 d5 2. Nf3 Nf6 3. e3 e6 4. Bd3 Nbd7 5. b3 Bd6 6. Bb2 c5 7. O-O Qc7 8. c4 e5 9. dxe5 Nxe5 10. h3 dxc4 11. bxc4 Nxd3 12. Qxd3 Be6 13. e4 O-O-O 14. Qe2 Nd7 15. Nc3 Nb6 16. Nd5 Bxd5 17. cxd5 f6 18. a4 Rhe8 19. Qc2 Nd7 20. Rab1 g5 21. Ba3 h5 22. Rb3 g4 23. Nh4 gxh3 24. Rxh3 Rg8 25. Nf5 Rg5 26. Bc1 Rg6 27. Rxh5 Rdg8 28. g3 Ne5 29. Kg2 Ng4 30. Nxd6+ Qxd6 31. Rh3 f5 32. exf5 Qxd5+ 33. Kg1 Rd6 34. Bf4 Rd7 35. Qc3 Qxf5 36. Rh8 Rgd8 37. Rxd8+ Rxd8 38. Rc1 b6 39. Qf3 Rd5 40. Kg2 Nf6 41. Re1 Nh5 42. Re4 Nxf4+ 43. Rxf4 Qe6 44. Rf8+ Kc7 45. Qf4+ Rd6 46. Rf7+ 1-0

[Event "WY U-16 Chess Olympiad 2019"]
[Site "Corum"]
[Date "2019.10.29"]
[Round "1"]
[White "Mirlan uulu, Syimyk"]
[Black "Petkov, Momchil"]
[Result "0-1"]
[WhiteElo "1899"]
[BlackElo "2333"]
[Annotator "ChessBase"]
[PlyCount "60"]
[EventDate "2019.10.28"]
[EventType "team-tourn"]
[EventCountry "TUR"]
[SourceTitle "playchess.com"]
[Source "ChessBase"]
[SourceQuality "1"]

1. e4 c5 2. Nf3 Nc6 3. d4 cxd4 4. Nxd4 Nf6 5. Nc3 e5 6. Ndb5 d6 7. Bg5 a6 8. Na3 b5 9. Nd5 Be7 10. Nxe7 Nxe7 11. Bxf6 gxf6 12. c4 f5 13. cxb5 fxe4 14. bxa6 O-O 15. Be2 d5 16. O-O Bxa6 17. Bxa6 Rxa6 18. Nc2 Rg6 19. Qh5 f5 20. a4 d4 21. a5 Nd5 22. Ne1 Nf4 23. Qd1 Rxg2+ 24. Nxg2 Qg5 25. Qb3+ Kh8 26. Qg3 Ne2+ 27. Kh1 Nxg3+ 28. fxg3 e3 29. a6 e2 30. Rfb1 d3 0-1

[Event "WY U-16 Chess Olympiad 2019"]
[Site "Corum"]
[Date "2019.10.29"]
[Round "1"]
[White "Hatirli, Ugur Can"]
[Black "Veiga, Jose Francisco R P N"]
[Result "0-1"]
[WhiteElo "1852"]
[BlackElo "2325"]
[Annotator "TA"]
[PlyCount "96"]
[EventDate "2019.10.28"]
[EventType "team-tourn"]
[EventCountry "TUR"]
[SourceTitle "playchess.com"]
[Source "ChessBase"]
[SourceQuality "1"]

1. d4 Nf6 2. c4 e6 3. Nf3 c5 4. d5 exd5 5. cxd5 d6 6. Nc3 g6 7. e4 Bg7 8. h3 a6 9. a4 Nbd7 10. Bd3 Nh5 11. Bg5 Bf6 12. Be3 Ne5 13. Be2 Nxf3+ 14. Bxf3 Ng7 15. O-O Be5 16. Re1 O-O 17. Qd2 f5 18. Bg5 Qc7 19. Rac1 Qf7 20. Bh6 f4 21. Ne2 a5 22. Rc2 Qf6 23. Nc1 Bd7 24. b3 Qh4 25. Bxg7 Kxg7 26. Nd3 Rfe8 27. Rc4 h5 28. Be2 g5 29. Bf1 Bd4 30. e5 dxe5 31. Nxc5 Bf5 32. d6 f3 33. Rxd4 Qxd4 34. Qxg5+ Bg6 35. Bd3 Qxd6 36. Re3 Rac8 37. Ne4 Qe7 38. Qg3 Kh6 39. Qxf3 Rf8 40. Qe2 Qh4 41. Rg3 Rc1+ 42. Kh2 Qf4 43. h4 Qxh4+ 44. Rh3 Qf4+ 45. g3 Qf3 46. Qd2+ Kg7 47. Qxc1 Qxd3 48. Qc7+ Kg8 0-1